000 00395nam a22001697a 4500
005 20160615162934.0
008 160615b xxu||||| |||| 00| 0 eng d
020 _a978-81-203-3553-0
041 _aeng
082 _b7861
100 _aKaen, Fred R
_92028
245 _aA Blue print for Carporate Goverance
260 _bPHI
_c2008
300 _a214
650 _aManagement
_9241
942 _cBK
999 _c2832
_d2831